| 000 | 00416nam a2200133Ia 4500 | ||
|---|---|---|---|
| 008 | 250506s9999 xx 000 0 und d | ||
| 024 | _a12B-98-EL, 12B-115-EL & 12B-176-EL | ||
| 082 | _a670.427072 MUH | ||
| 100 | _aMuhammad Ishaq, Ahmar Shariq & Zia-ur-Rahman | ||
| 245 | 0 | _aAutomatic Table Cleaner | |
| 260 |
_aKarachi: _bUIT, _c2012 |
||
| 600 | _aElectrical Engineering | ||
| 650 | _aBachelor of Engineering (BE) | ||
| 999 |
_c28317 _d28317 |
||